Impact analysis for program evaluation / (Record no. 11619)

000 -LEADER
fixed length control field 00691pam a2200193 a 4500
020 ## - INTERNATIONAL STANDARD BOOK NUMBER
ISBN 0803949812 (pb)
040 ## - CATALOGING SOURCE
Transcribing agency DLC
082 00 - DEWEY DECIMAL CLASSIFICATION NUMBER
Classification number 361 SAG 1992 A016 Or.
100 1# - MAIN ENTRY--AUTHOR NAME
Personal name Mohr, Lawrence B.
245 10 - TITLE STATEMENT
Title Impact analysis for program evaluation /
260 ## - PUBLICATION, DISTRIBUTION, ETC. (IMPRINT)
Place of publication Newbury Park :
Name of publisher Sage Publications,
Year of publication c1992.
300 ## - PHYSICAL DESCRIPTION
Number of Pages xviii, 217, ix p. :
Other physical details ill. ;
Dimensions 23 cm.
500 ## - GENERAL NOTE
General note Originally published: Chicago, Ill. : Dorsey Press, c1988.
650 #0 - SUBJECT ADDED ENTRY--TOPICAL TERM
Topical Term Policy sciences.
650 #0 - SUBJECT ADDED ENTRY--TOPICAL TERM
Topical Term Evaluation research (Social action programs)
856 41 - ELECTRONIC LOCATION AND ACCESS
Uniform Resource Identifier http://www.loc.gov/catdir/enhancements/fy0655/92026388-t.html
856 42 - ELECTRONIC LOCATION AND ACCESS
Uniform Resource Identifier http://www.loc.gov/catdir/enhancements/fy0660/92026388-d.html
942 ## - ADDED ENTRY ELEMENTS (KOHA)
Koha item type សៀវភៅភាសាអង់គ្លេស
952 ## - LOCATION AND ITEM INFORMATION (KOHA)
Withdrawn status [LOCAL, KOHA] 0
Holdings
Permanent Location Date acquired Koha item type Lost status Shelving location Barcode Current Location Full call number
Library Block A2017-08-04សៀវភៅភាសាអង់គ្លេស A016A09269Library Block A361 SAG 1992 A016 Or.
មជ្ឈមណ្ឌលឯការនៃសាកលវិទ្យាល័យភូមិន្ទកសិកម្មចំការដូង

Powered by Koha